LEADER 00735nam a2200181 i 4500 001 000000055397 003 CaOOAMICUS 005 19970701000000.0 008 970701n xx u000 u spa u 013 $a26569 040 $aSeMil$bita 100 1 $aIbaņez Arana, Andres.$0(OLS)http://semarc/name/27822 245 13$aLa doctrina sobre la tradicion en la Escuela Salmantina (siglo 16.) 650 4$aTesi di laurea.$0(OLS)http://semarc/subject/1690 650 4$aTradizione - Teologia.$0(OLS)http://semarc/subject/5575 850 $aSeMil 852 $aSeMil$W1$xVenegono$y1$m2I II 534$j21551$B21551$CSeMilBibl$Z2$F21553 $81 996 $6245$aLa doctrina sobre la tradicion en la Escuela Salmantina (siglo 16.)$9(OLS)http://semarc/title/85892 LEADER 00999nam a2200229 i 4500 001 000000222490 003 CaOOAMICUS 005 20230731102025.0 008 130917n it u000 u ita u 040 $aSeMil$bita 100 1 $aBrovelli, Franco,$d<1941- >.$0(OLS)http://semarc/name/15532 245 10$a[Pastorale dei sacramenti. La pastorale della riconciliazione /$cdi Franco Brovelli]. 264 1$a[S.l. :$bs.n.,$c1975] 300 $a17 c. ;$c28 cm. 500 $aFotocopie delle dispense del corso. - Rilegato con : 6X II 27/1 650 4$aDispense scolastiche.$0(OLS)http://semarc/subject/526 650 4$aRiconciliazione - Sacramento.$0(OLS)http://semarc/subject/34125 850 $aSeMil 852 $aSeMil$W1$xVenegono$y1$m6X II 27/2$j242490$B172836$CSeMilBibl$Z2$F183173 $8B 996 $6245$a[Pastorale dei sacramenti. La pastorale della riconciliazione$9(OLS)http://semarc/title/318920 996 $6264$a[S.l. :$bs.n.$9(OLS)http://semarc/publisher/31686